LEADER 00916nam0-2200337---450- 001 990010096120403321 005 20160901102035.0 010 $a9780486682006 035 $a001009612 035 $aFED01001009612 035 $a(Aleph)001009612FED01 035 $a001009612 100 $a20160901d1994----km-y0itay50------ba 101 0 $aeng 102 $aUS 105 $aa-------001yy 200 1 $aOptimal control and estimation$fRobert F. Stengel 210 $aNew York$cDover$dİ1994 215 $a639 p.$cill.$d22 cm 225 1 $aDover books on mathematics 610 0 $aTeoria del controllo 610 0 $aOttimizzazione matematica 610 0 $aProcessi stocastici 676 $a629.8'312 700 1$aStengel,$bRobert F. 801 0$aIT$bUNINA$gRICA$2UNIMARC 901 $aBK 912 $a990010096120403321 952 $a10 D III 822$bBIBLIODIETI45/2016$fDINEL 959 $aDINEL 997 $aUNINA LEADER 00804nam0-2200313---450- 001 990009540460403321 005 20120328150837.0 010 $a8846715721 035 $a000954046 035 $aFED01000954046 035 $a(Aleph)000954046FED01 035 $a000954046 100 $a20120308d--------km-y0itay50------ba 101 0 $aita 102 $aIT 105 $a--------001yy 200 1 $aSicurezza incendio$fSandro Pustorino 210 $aPisa$cETS$dc2006 215 $a94 p.$cill.$d24 cm 700 1$aPustorino,$bSandro$0515624 801 0$aIT$bUNINA$gRICA$2UNIMARC 901 $aBK 912 $a990009540460403321 952 $aCM.0,352$b3/413$fIINTC 952 $a13 D 74 10$b17670$fFINBC 959 $aIINTC 959 $aFINBC 996 $aSicurezza incendio$9854954 997 $aUNINA